2019 World Politics - Statistics

General Stats
  • This quiz has been taken 194 times
  • The average score is 5 of 12
Answer Stats
Event Answer % Correct
Country in a trade war with the USA China
90%
Nationality of Greta Thunberg Swedish
75%
Island Donald Trump tried to buy in 2019 Greenland
74%
Syrian President supported by Russia Bashar al-Assad
72%
Head of the UK Brexit Party Nigel Farage
59%
Percentage of Scottish people supporting independence (rounded up) 45%
47%
Country's embassy that provided political asylum to Julian Assange from 2012-2019 Ecuador
45%
Crown Prince of Saudi Arabia, who is apparently bringing change Mohamed Bin-Salman
27%
Head of the Hong Kong government Carrie Lam
20%
Cause of Venezuelan economic crisis Hyperinflation
12%
Sister of Supreme Leader of North Korea Kim yo-Jong
11%
New Zimbabwean leader Emerson Mnangagwa
7%
No matching quizzes found
Score Distribution
Percent of People with Each Score
Percentile by Number Answered
Your Score History
You have not taken this quiz